000 00612nam a2200193Ia 4500
005 20250508150420.0
008 008 250505s9999 xx 000 0 eng d
037 _aTextual
040 _aFEDL
_beng
_cFEDL
041 _aeng
_2eng
084 _a370.193, BOW
_qFEDL
100 _aBowden A. O.
_9756638
245 0 _aSocial psychology of education : Applications of social psychology to educational problems
260 _aNew York, USA
_bMcGraw-Hill Book Company
_c1937
300 _axv,296p
700 _a Melbo Irving R.
_9756639
942 _cTEXL
_h370.193, BOW
999 _c1323526
_d1323526